[Event "Pan American-ch U20"]
[Site "Vila Santa Cecilia"]
[Date "2023.11.11"]
[Round "9.10"]
[White "Varillas Jimenes, Ivan"]
[Black "Mendes Domingues, Ribeiro Matheus"]
[Result "1/2-1/2"]
[WhiteElo "1985"]
[BlackElo "2150"]
[PlyCount "40"]
[EventDate "2023.11.06"]
[EventType "swiss"]
[EventRounds "9"]
[EventCountry "BRA"]
[SourceTitle "CB46_2023"]
[SourceDate "2023.11.15"]
[SourceVersion "1"]
[SourceVersionDate "2023.11.15"]
[SourceQuality "1"]

1. e4 e6 2. d4 d5 3. Nc3 Bb4 4. Nge2 dxe4 5. a3 Bxc3+ 6. Nxc3 Nc6 7. d5 exd5 8. Qxd5 Be6 9. Qxe4 Nf6 10. Qa4 Qd4 11. Bb5 Qxa4 12. Bxa4 0-0-0 13. Bxc6 bxc6 14. Be3 Ng4 15. Nd1 f5 16. Bg5 Rd7 17. h3 Nf6 18. 0-0 Ne4 19. Be3 Rhd8 20. Rc1 a5 1/2-1/2

[Event "Pan American-ch U20"]
[Site "Vila Santa Cecilia"]
[Date "2023.11.06"]
[Round "1.5"]
[White "Varillas Jimenes, Ivan"]
[Black "Schnaider, Ilan"]
[Result "1-0"]
[WhiteElo "1985"]
[BlackElo "2333"]
[PlyCount "123"]
[EventDate "2023.11.06"]
[EventType "swiss"]
[EventRounds "9"]
[EventCountry "BRA"]
[SourceTitle "CB46_2023"]
[SourceDate "2023.11.15"]
[SourceVersion "1"]
[SourceVersionDate "2023.11.15"]
[SourceQuality "1"]

1. e4 c5 2. Nf3 d6 3. d4 cxd4 4. Nxd4 Nf6 5. Nc3 a6 6. Bg5 e6 7. f4 Be7 8. Qf3 Qc7 9. 0-0-0 Nbd7 10. g4 h6 11. Bxf6 Bxf6 12. h4 Nb6 13. g5 Bxd4 14. Rxd4 Qc5 15. Qf2 hxg5 16. e5 gxf4 17. Bd3 d5 18. Ne4 dxe4 19. Rd8+ Kxd8 20. Qxc5 Nd7 21. Qg1 exd3 22. Qxg7 Rf8 23. Rd1 Kc7 24. Rxd3 b6 25. Rc3+ Kb8 26. Rd3 Kc7 27. Qg5 Re8 28. Qxf4 Bb7 29. Qc4+ Bc6 30. Rc3 Nxe5 31. Qf4 f6 32. Qxf6 Nd7 33. Qf4+ Kb7 34. Qd6 Nc5 35. Rg3 Rad8 36. Rg7+ Rd7 37. Rxd7+ Nxd7 38. h5 Rh8 39. Qh2 Rh6 40. Qh4 a5 41. Qg5 Rf6 42. b3 Rf7 43. Qg6 Rf1+ 44. Kb2 Rh1 45. h6 Ka6 46. Qxe6 Kb7 47. Qg6 Rh4 48. Qg7 Ka6 49. h7 Rxh7 50. Qxh7 Nc5 51. Qc7 Bb7 52. a3 Ka7 53. b4 axb4 54. axb4 Na6 55. Qd6 b5 56. c3 Nb8 57. Qc5+ Ka6 58. c4 Bc6 59. cxb5+ Bxb5 60. Qc7 Nc6 61. Kc3 Ba4 62. Kc4 1-0

[Event "Pan American-ch U20"]
[Site "Vila Santa Cecilia"]
[Date "2023.11.06"]
[Round "2.8"]
[White "Varillas Jimenes, Ivan"]
[Black "Vasquez Vargas, Henry Richard"]
[Result "1-0"]
[WhiteElo "1985"]
[BlackElo "2216"]
[PlyCount "113"]
[EventDate "2023.11.06"]
[EventType "swiss"]
[EventRounds "9"]
[EventCountry "BRA"]
[SourceTitle "CB46_2023"]
[SourceDate "2023.11.15"]
[SourceVersion "1"]
[SourceVersionDate "2023.11.15"]
[SourceQuality "1"]

1. e4 c5 2. Nf3 e6 3. d4 cxd4 4. Nxd4 a6 5. Bd3 Qc7 6. c4 Nf6 7. 0-0 Nc6 8. Nb3 Ne5 9. Qe2 d6 10. Nc3 Be7 11. f4 Nxd3 12. Qxd3 0-0 13. Be3 b6 14. Rac1 Bb7 15. Nd4 Rfe8 16. h3 Rac8 17. b3 Qb8 18. f5 Bf8 19. fxe6 fxe6 20. Nf3 Nd7 21. Bf2 Bc6 22. Nd4 Ba8 23. h4 Ne5 24. Qh3 Bc6 25. a4 Bd7 26. Rcd1 Qb7 27. Qg3 Be7 28. Be3 Kh8 29. Kh1 Qc7 30. Rd2 Qd8 31. Bg5 Bxg5 32. hxg5 Qe7 33. Nf3 Rf8 34. Rfd1 Nxf3 35. gxf3 d5 36. exd5 Rf5 37. Ne4 Rcf8 38. Rd3 exd5 39. cxd5 Rxf3 40. Rxf3 Qxe4 41. Rdd3 Kg8 42. Kh2 Rc8 43. Rd2 Qg6 44. Kg2 Bf5 45. Kg1 Be4 46. Rf1 h5 47. d6 Bc6 48. Qf4 Bd7 49. Qe5 Re8 50. Qd5+ Kh7 51. Rg2 Bh3 52. d7 Bxg2 53. Kxg2 Rd8 54. Rf7 Qc2+ 55. Kg3 Kg6 56. Qe6+ Kh7 57. Qh6+ 1-0

[Event "Asuncion CIT op"]
[Site "Asuncion"]
[Date "2023.08.13"]
[Round "2"]
[White "Varillas Jimenes, Ivan"]
[Black "Di Berardino, Diego Rafael"]
[Result "0-1"]
[WhiteElo "1952"]
[BlackElo "2479"]
[PlyCount "108"]
[EventDate "2023.08.12"]
[EventType "swiss"]
[EventRounds "9"]
[EventCountry "PAR"]
[SourceTitle "CBM 215 Extra"]
[Source "ChessBase"]
[SourceDate "2023.09.30"]
[SourceVersion "1"]
[SourceVersionDate "2023.09.30"]
[SourceQuality "1"]

1. c4 e6 2. Nf3 Nf6 3. g3 d5 4. Bg2 dxc4 5. Qa4+ c6 6. Qxc4 b5 7. Qc2 Bb7 8. d4 Nbd7 9. 0-0 c5 10. Nc3 b4 11. Na4 Rc8 12. dxc5 Nxc5 13. Nxc5 Bxc5 14. Qa4+ Bc6 15. Qa6 0-0 16. Bg5 h6 17. Bxf6 Qxf6 18. b3 Bb6 19. Rac1 e5 20. Kh1 Qe6 21. e3 Rfd8 22. Qe2 Be4 23. Rfd1 Bd3 24. Qb2 Rxc1 25. Rxc1 f6 26. Nd2 e4 27. Kg1 h5 28. h3 h4 29. g4 f5 30. gxf5 Qxf5 31. Nf1 Bc5 32. Nh2 Bd6 33. Ng4 Qd5 34. Bf1 Bb8 35. Rd1 Qf5 36. Bg2 Rf8 37. Re1 Qc5 38. Rc1 Qd6 39. Qd2 a5 40. Rd1 Qe6 41. Bf1 Rd8 42. Qb2 Qf5 43. Bg2 Rc8 44. Rc1 Rc5 45. Qd2 Qc8 46. Rxc5 Qxc5 47. Bf1 Qc2 48. Qxc2 Bxc2 49. Bc4+ Kf8 50. Bd5 Bb1 51. f3 exf3 52. Bxf3 Bxa2 53. Bd1 a4 54. Nf2 Bxb3 0-1

[Event "South America-ch U18 17th"]
[Site "Guayaquil"]
[Date "2022.01.29"]
[Round "7"]
[White "Varillas Jimenes, Ivan"]
[Black "Salgado Villalba, Lucas Martin"]
[Result "1-0"]
[WhiteElo "1959"]
[BlackElo "1552"]
[PlyCount "95"]
[EventDate "2022.01.25"]
[EventType "swiss"]
[EventRounds "9"]
[EventCountry "ECU"]
[SourceTitle "CBM 206 Extra"]
[Source "ChessBase"]
[SourceDate "2022.03.31"]
[SourceVersion "1"]
[SourceVersionDate "2022.03.31"]
[SourceQuality "1"]

1. c4 e6 2. Nf3 Nf6 3. b3 Be7 4. Bb2 d5 5. g3 0-0 6. Bg2 b6 7. cxd5 exd5 8. 0-0 Bb7 9. d4 Nbd7 10. Nc3 Ne4 11. Rc1 Nxc3 12. Rxc3 Nf6 13. Ne5 c5 14. Rc1 Rc8 15. Nd3 Ne4 16. dxc5 bxc5 17. Nf4 Ba8 18. Qd3 Bg5 19. Bxe4 dxe4 20. Qc3 Bf6 21. Qc2 Bxb2 22. Qxb2 Qd4 23. Qc2 c4 24. bxc4 Rc5 25. e3 Qd6 26. Rfd1 Qa6 27. h4 Rfc8 28. Rd4 h6 29. h5 Ra5 30. Rd2 Rf5 31. Qb3 Qa5 32. Rd4 Qc5 33. Rcd1 Bc6 34. Rd8+ Be8 35. Qa4 Re5 36. R1d5 Rxd8 37. Rxd8 Qe7 38. Qd1 Kh7 39. Rd4 f6 40. Qc2 f5 41. Rd5 Bf7 42. Rxe5 Qxe5 43. c5 Be8 44. c6 Qc7 45. Qc5 Qxc6 46. Qxf5+ Kg8 47. Ng6 Bxg6 48. hxg6 1-0

[Event "South America-ch U18 17th"]
[Site "Guayaquil"]
[Date "2022.01.29"]
[Round "8"]
[White "Viscaino Yanez, Jhonny Cesar"]
[Black "Varillas Jimenes, Ivan"]
[Result "0-1"]
[WhiteElo "1875"]
[BlackElo "1959"]
[PlyCount "110"]
[EventDate "2022.01.25"]
[EventType "swiss"]
[EventRounds "9"]
[EventCountry "ECU"]
[SourceTitle "CBM 206 Extra"]
[Source "ChessBase"]
[SourceDate "2022.03.31"]
[SourceVersion "1"]
[SourceVersionDate "2022.03.31"]
[SourceQuality "1"]

1. b3 g6 2. Bb2 Nf6 3. c4 Bg7 4. Nf3 c5 5. g3 Nc6 6. Bg2 0-0 7. 0-0 d6 8. d4 cxd4 9. Nxd4 Bd7 10. Nc3 Nxd4 11. Qxd4 Bc6 12. Nd5 Bxd5 13. Bxd5 Nh5 14. Qd2 Bxb2 15. Qxb2 Rb8 16. Rfd1 Qc8 17. Rac1 b6 18. Rd4 Nf6 19. Bg2 Nd7 20. Bh3 Qc7 21. Qd2 Nf6 22. Qh6 Qc5 23. Rh4 g5 24. Rh5 Nxh5 25. Qxh5 Qe5 26. Rd1 e6 27. Rxd6 Rfd8 28. Rd3 Rxd3 29. exd3 Rd8 30. Bf1 Kg7 31. h4 h6 32. hxg5 hxg5 33. Qf3 Rd7 34. Qc6 Qd6 35. Qb5 Kg6 36. Qa6 Rc7 37. Qa4 Rd7 38. Qa6 Qc7 39. Qa3 Kg7 40. Qb2+ f6 41. Qe2 Qd6 42. Qe4 f5 43. Qa8 g4 44. Qh1 e5 45. Qa8 f4 46. gxf4 exf4 47. Bg2 f3 48. Bf1 Qf4 49. Qc6 Rf7 50. c5 g3 51. fxg3 Qxg3+ 52. Kh1 Qh4+ 53. Kg1 f2+ 54. Kg2 Qg4+ 55. Kh2 Qg1+ 0-1

[Event "Pan American-ch Hybrid U16 31st"]
[Site "Tornelo INT"]
[Date "2021.09.04"]
[Round "3"]
[White "Varillas Jimenes, Ivan"]
[Black "Rossel Grandon, Cristobal Alejandro"]
[Result "1-0"]
[WhiteElo "2028"]
[BlackElo "1532"]
[PlyCount "97"]
[EventDate "2021.09.04"]
[EventType "swiss"]
[EventRounds "9"]
[EventCountry "NET"]
[SourceTitle "EXT 2023"]
[Source "ChessBase"]
[SourceDate "2022.10.05"]
[SourceVersion "1"]
[SourceVersionDate "2022.10.05"]
[SourceQuality "1"]

1. c4 Nf6 2. Nc3 g6 3. g3 Bg7 4. Bg2 d6 5. d3 0-0 6. e4 c5 7. Nge2 Nc6 8. 0-0 Ne8 9. Be3 Nd4 10. Rb1 a5 11. Qd2 Bg4 12. f3 Bd7 13. Bh6 Nc7 14. Bxg7 Kxg7 15. Nxd4 cxd4 16. Ne2 e5 17. f4 b5 18. cxb5 Bxb5 19. b4 axb4 20. Rxb4 Ra3 21. Nc1 Qa8 22. Qb2 Qa6 23. Rb3 Ra8 24. fxe5 dxe5 25. Qc2 Ne6 26. Qf2 Nd8 27. Rxa3 Qxa3 28. Qf6+ Kg8 29. Qxe5 Bxd3 30. Nxd3 Qxd3 31. Qd5 Qe3+ 32. Kh1 Rc8 33. Qd7 Qc3 34. Bh3 Ra8 35. Be6 Kg7 36. Bxf7 Qc6 37. Qxd4+ Kh6 38. Bd5 Qa6 39. Qd2+ Kg7 40. Qf2 Ne6 41. Qf6+ Kh6 42. Bxa8 Qxa8 43. Qxe6 Qa3 44. Qh3+ Kg7 45. Qg2 Qe3 46. Qf3 Qc5 47. Qf7+ Kh6 48. Qf8+ Qxf8 49. Rxf8 1-0

[Event "Pan American-ch Hybrid U16 31st"]
[Site "Tornelo INT"]
[Date "2021.09.04"]
[Round "2"]
[White "Yang, Benjamin1111"]
[Black "Varillas Jimenes, Ivan"]
[Result "1/2-1/2"]
[WhiteElo "1854"]
[BlackElo "2028"]
[PlyCount "99"]
[EventDate "2021.09.04"]
[EventType "swiss"]
[EventRounds "9"]
[EventCountry "NET"]
[SourceTitle "EXT 2023"]
[Source "ChessBase"]
[SourceDate "2022.10.05"]
[SourceVersion "1"]
[SourceVersionDate "2022.10.05"]
[SourceQuality "1"]

1. e4 c6 2. Nc3 d5 3. Nf3 g6 4. d4 Bg7 5. e5 Bg4 6. h3 Bxf3 7. Qxf3 e6 8. Ne2 c5 9. c3 Nc6 10. Qd3 Qb6 11. f4 Nge7 12. dxc5 Qxc5 13. Be3 Qa5 14. Nd4 Nxd4 15. Bxd4 0-0 16. Qb5 Qc7 17. Bc5 a6 18. Bd6 Qxd6 19. exd6 axb5 20. dxe7 Rfe8 21. Bxb5 Rxe7 22. a4 d4 23. c4 e5 24. fxe5 Rxe5+ 25. Kd1 d3 26. Re1 Rxe1+ 27. Kxe1 Bxb2 28. Rb1 Bc3+ 29. Kd1 Rd8 30. c5 Ba5 31. Rb3 d2 32. Rd3 Rc8 33. Rd5 Kg7 34. Bd7 Rd8 35. c6 bxc6 36. Bxc6 Rxd5 37. Bxd5 f5 38. Ke2 Kf6 39. Bb3 Ke5 40. h4 h6 41. Ke3 Bb4 42. Bd1 Be7 43. h5 g5 44. Kxd2 g4 45. g3 Kf6 46. Ke2 Ke5 47. Kf2 Bc5+ 48. Kg2 Ke4 49. Bc2+ Ke5 50. a5 1/2-1/2

[Event "Nonalaya Ricardo Online op"]
[Site "Chess.com INT"]
[Date "2020.07.19"]
[Round "3"]
[White "Varillas Jimenes, Ivan"]
[Black "Escalante Ramirez, Brian Sebastian"]
[Result "0-1"]
[WhiteElo "2028"]
[BlackElo "2456"]
[PlyCount "90"]
[EventDate "2020.07.19"]
[EventType "swiss (blitz)"]
[EventRounds "9"]
[EventCountry "PER"]
[SourceTitle "CBM 197 Extra"]
[Source "ChessBase"]
[SourceDate "2020.09.30"]
[SourceVersion "1"]
[SourceVersionDate "2020.09.30"]
[SourceQuality "1"]

1. c4 c5 2. Nc3 Nc6 3. g3 g6 4. Bg2 Bg7 5. d3 e6 6. e4 Nge7 7. Nge2 0-0 8. 0-0 Rb8 9. Be3 d6 10. d4 cxd4 11. Nxd4 a6 12. a4 e5 13. Nc2 Be6 14. b3 f5 15. f3 f4 16. Bf2 g5 17. g4 h5 18. h3 hxg4 19. hxg4 Kf7 20. Qd2 Rh8 21. Rfd1 Qa5 22. b4 Nxb4 23. Nd5 Nbc6 24. Qd3 Bxd5 25. exd5 Nd8 26. Qe4 Rc8 27. c5 Rxc5 28. Nb4 Bf6 29. Rac1 Rxc1 30. Rxc1 Kg7 31. Qc4 Nf7 32. Qb3 Rc8 33. Rxc8 Nxc8 34. Bf1 Ne7 35. Bd3 Nc8 36. Bf5 Nb6 37. Nc2 Nxd5 38. Qxb7 Ne7 39. Be4 Qxa4 40. Qb6 d5 41. Bd3 e4 42. fxe4 dxe4 43. Bd4 Bxd4+ 44. Nxd4 exd3 45. Ne6+ Kh7 0-1

[Event "South America-ch U14 16th"]
[Site "Buenos Aires"]
[Date "2019.12.05"]
[Round "8.2"]
[White "Vasquez Vargas, Henry Richard"]
[Black "Varillas Jimenes, Ivan"]
[Result "0-1"]
[WhiteElo "2073"]
[BlackElo "2014"]
[PlyCount "66"]
[EventDate "2019.12.01"]
[EventType "swiss"]
[EventRounds "9"]
[EventCountry "ARG"]
[SourceTitle "EXT 2024"]
[Source "ChessBase"]
[SourceDate "2023.10.10"]
[SourceVersion "1"]
[SourceVersionDate "2023.10.10"]
[SourceQuality "1"]

1. Nf3 g6 2. d4 Bg7 3. c4 c5 4. e4 d6 5. Be2 Nc6 6. d5 Nd4 7. Nxd4 cxd4 8. Na3 Qb6 9. 0-0 Nf6 10. Bd3 0-0 11. Nc2 Nd7 12. f4 a5 13. Kh1 Nc5 14. Ne1 f5 15. exf5 Nxd3 16. Nxd3 Bxf5 17. Qe2 a4 18. g4 Bd7 19. Bd2 Rae8 20. Bb4 Qa6 21. b3 e6 22. dxe6 Rxe6 23. Qd1 Re3 24. Re1 Qc6+ 25. Kg1 Qe4 26. Bxd6 Bc6 27. Re2 Rxe2 28. Qxe2 Qxe2 29. Nf2 Re8 30. Be5 Bxe5 31. fxe5 Rxe5 32. bxa4 Qf3 33. Kf1 Qg2# 0-1

[Event "Pan American-ch U14"]
[Site "Guayaquil"]
[Date "2019.07.24"]
[Round "5"]
[White "Ballesteros Cardenas, Leonardo"]
[Black "Varillas Jimenes, Ivan"]
[Result "0-1"]
[WhiteElo "1925"]
[BlackElo "1760"]
[PlyCount "166"]
[EventDate "2019.07.21"]
[EventType "swiss"]
[EventRounds "9"]
[EventCountry "ECU"]
[SourceTitle "EXT 2020"]
[Source "ChessBase"]
[SourceDate "2019.10.17"]
[SourceVersion "1"]
[SourceVersionDate "2019.10.17"]
[SourceQuality "1"]

1. d4 d5 2. c4 dxc4 3. e4 e5 4. Nf3 exd4 5. Bxc4 Bb4+ 6. Bd2 Bxd2+ 7. Nbxd2 Nc6 8. 0-0 Nf6 9. e5 Nd5 10. h3 0-0 11. Nb3 Nf4 12. Nbxd4 Na5 13. Bb3 c5 14. Nb5 Qb6 15. Nd6 Nxb3 16. Qxb3 Qc6 17. Rfd1 b6 18. Qe3 Ng6 19. Rac1 Qa4 20. a3 Qf4 21. Qxf4 Nxf4 22. Rc2 Bd7 23. Rc4 Ng6 24. Rc3 Bc6 25. Re1 Rad8 26. Nc4 Rfe8 27. Rce3 Nf4 28. Nd6 Re7 29. Nf5 Red7 30. Nd6 Re7 31. Kh2 Bxf3 32. gxf3 Re6 33. Re4 Nd3 34. R1e2 f6 35. f4 Nxf4 36. Rxf4 Rdxd6 37. exd6 Rxe2 38. b4 cxb4 39. axb4 Rd2 40. Re4 Rxd6 41. Re7 a5 42. bxa5 bxa5 43. Ra7 Rd5 44. Kg3 h5 45. Ra6 Kh7 46. Ra7 Kh6 47. Ra6 Rd3+ 48. f3 Ra3 49. h4 a4 50. Kg2 Ra1 51. Kh2 a3 52. Kg2 a2 53. Kh2 Kg6 54. Ra5 Kf7 55. Kg2 Ke7 56. Ra6 Kd7 57. Ra5 Kc6 58. Ra8 Kb6 59. Ra3 Kc5 60. Ra8 Kd4 61. Rd8+ Ke5 62. Ra8 Kf4 63. Ra4+ Ke3 64. Ra3+ Kd4 65. Ra8 Kd3 66. Rd8+ Kc4 67. Rc8+ Kb5 68. Ra8 g5 69. hxg5 fxg5 70. Rb8+ Kc6 71. Ra8 h4 72. Ra3 h3+ 73. Kh2 Kd5 74. f4 gxf4 75. Ra5+ Ke4 76. Ra4+ Ke3 77. Ra3+ Ke2 78. Ra8 f3 79. Re8+ Kd3 80. Rd8+ Ke4 81. Re8+ Kd5 82. Rd8+ Ke6 83. Re8+ Kd7 0-1

[Event "Pan American-ch U14"]
[Site "Guayaquil"]
[Date "2019.07.24"]
[Round "6"]
[White "Varillas Jimenes, Ivan"]
[Black "Huston, Gus"]
[Result "0-1"]
[WhiteElo "1760"]
[BlackElo "2139"]
[PlyCount "74"]
[EventDate "2019.07.21"]
[EventType "swiss"]
[EventRounds "9"]
[EventCountry "ECU"]
[SourceTitle "EXT 2020"]
[Source "ChessBase"]
[SourceDate "2019.10.17"]
[SourceVersion "1"]
[SourceVersionDate "2019.10.17"]
[SourceQuality "1"]

1. c4 Nf6 2. Nc3 c5 3. g3 g6 4. Bg2 Bg7 5. e4 Nc6 6. Nge2 0-0 7. 0-0 Ne8 8. a3 Nc7 9. Rb1 Ne6 10. f4 Ned4 11. g4 d6 12. Ng3 Rb8 13. b4 cxb4 14. axb4 b5 15. c5 dxc5 16. bxc5 b4 17. Nd5 Ne6 18. e5 Ba6 19. d3 Nc7 20. Nxc7 Qxc7 21. d4 Bxf1 22. Nxf1 e6 23. Ne3 Rfd8 24. Bb2 Bf8 25. Rc1 b3 26. d5 exd5 27. Nxd5 Qa5 28. Qe2 Bxc5+ 29. Kh1 Bd4 30. Nf6+ Kh8 31. Bxc6 Bxb2 32. Qxb2 Rd2 33. Qb1 Qa2 34. Rf1 Qxb1 35. Rxb1 b2 36. Be4 Rc8 37. Kg1 Rc1+ 0-1

[Event "PER-ch"]
[Site "Lima"]
[Date "2017.03.02"]
[Round "3"]
[White "Noriega, Miguel"]
[Black "Varillas Jimenes, Ivan"]
[Result "1-0"]
[WhiteElo "1913"]
[BlackElo "1397"]
[PlyCount "111"]
[EventDate "2017.03.01"]
[EventType "swiss"]
[EventRounds "9"]
[EventCountry "PER"]
[SourceTitle "CBM 177 Extra"]
[Source "ChessBase"]
[SourceDate "2017.04.27"]
[SourceVersion "1"]
[SourceVersionDate "2017.04.27"]
[SourceQuality "1"]

1. e4 c5 2. d4 cxd4 3. c3 d3 4. Bxd3 d6 5. Nf3 Nf6 6. h3 e6 7. 0-0 Be7 8. Nbd2 0-0 9. Re1 Nbd7 10. Nf1 Nc5 11. Bc2 b6 12. b4 Ncd7 13. Bb3 Qc7 14. Bb2 Rd8 15. Nd4 Nf8 16. Ng3 a6 17. a3 Bb7 18. Rc1 Rac8 19. c4 Qb8 20. Nh5 Nxh5 21. Qxh5 Bf6 22. Ba1 g6 23. Qh6 e5 24. Nf3 Ne6 25. g3 Qc7 26. h4 Qe7 27. Qe3 Qc7 28. h5 Bg7 29. hxg6 hxg6 30. Nh2 Kh7 31. Rcd1 Bh6 32. Qd3 Bf8 33. Ng4 Be7 34. Ne3 Kg7 35. Nd5 Bxd5 36. exd5 Nf8 37. f4 f6 38. Kg2 Qb7 39. fxe5 fxe5 40. Rf1 Bf6 41. Qf3 Nh7 42. Qd3 Rg8 43. Rd2 Kf7 44. Rdf2 Ke7 45. Qf3 Rcf8 46. Qg4 Qd7 47. Qxd7+ Kxd7 48. Bd1 Ke7 49. Bg4 Rg7 50. Bc3 Ng5 51. Re2 Rgg8 52. c5 b5 53. cxd6+ Kxd6 54. Rxf6+ Rxf6 55. Bxe5+ Ke7 56. Bf4+ 1-0